000 00726nam a22001937a 4500
999 _c158536
_d158536
005 20230626122809.0
010 _aB-712834
020 _a9788125005148
_c395.00
035 _aB-712834
037 _bL/RP/RK Books
082 _a954.035
100 _aMaulana Abul Kalam Azad
245 _aIndia Wins Freedom
_cBy Maulana Abul Aklam Azad
260 _aHyderabad
_bOrient Blackswan
_c2017
270 _a3-6-752 Himayatnagar,
_bHyderabad
_e500029
_minfo@orientblackswan.com
300 _a283p.
_c21cm(pbk)
942 _2ddc
_cEN
_h954.035
_mMAU